000 01042nam a2200313 a 4500
001 3465601
003 OSt
005 20220523082700.0
008 921230s1992 ii b 101 0 eng
010 _a 92909416
020 _a8170001404 :
_cRs350.00
025 _aI-E-69925
040 _aMMU
_cMMU
_dMMU
_beng
043 _aa-ii---
_ad------
050 0 0 _aZ665.2.I4
_bL53 1992
082 0 0 _a020/.954
_220
245 0 0 _aLibrarianship in developing countries /
_c[edited by] N. Guruswamy Naidu.
260 _aNew Delhi :
_bEss Ess Publications,
_c1992.
300 _axii, 266 p. ;
_c22 cm.
500 _aIncludes index.
504 _aIncludes bibliographical references.
520 _aSeminar papers; with reference to India.
650 0 _aLibrary science
_zIndia
_xCongresses
650 0 _aLibrary science
_zDeveloping countries
_xCongresses.
700 2 _aGuruswamy Naidu, N.,
_d1937-
906 _a7
_bcbc
_corignew
_d3
_encip
_f19
_gy-gencatlg
942 _2lcc
_cLOAN LOAN
999 _c17253
_d17253